1895 1155 1478 1848 1994 1024 1354 1931 1571 1120 1118 1726 1842 1180 1913 1681 1999 1061 1918 1507 1799 1936 1203 1327 1534 1387 1535 1851 1891 1691 1832 1611 1207 1306 1581 1035 1343 1533 1837 1320 1308 1022 1819 1219 1906 1513 1281 1568 1796 1613 1687 1756 1619 1577 1149 1826 1604 1300 1722 1133 1429 1365 1770 1199 1807 1942 1460 1524 1988 1533 1999 1594 1206 1026 1413 1557 1805 1553 1856 1140 1564 1156 1781 1102 1782 1905 1994 1383 1392 1129 1568 1648 1609 1949 1954 1125 1170 1541 1963 BCNSPRNW ULIB Ver.6.0+V

เปลี่ยนเป็นภาษาไทย

Change to English
 แสดงรายละเอียดบรรณานุกรม
  กลับหน้าหลัก

Brief Record : Get Marc (ISO 2709) : E-mail record : QR code < ปิดหน้าต่าง
LEADER : 00000nam 2200000uu 4500
001    13399121730
003     ULIB
008    121203s2554||||th 000 0 tha d
020    ^a9786160805051
050  4 ^aLB1028.55^bร442ส
100 0  ^aราตรี วิศิษฎ์สุรวงศ์
245 10 ^aสร้างงาน e-Learning ด้วย CourseLab /^cราตรี วิศิษฎ์สุรวงศ์
260    ^aกรุงเทพฯ :^bซีเอ็ดยูเคชั่น,^c2554
300    ^a328 หน้า :^bภาพประกอบ ;^c22 ซม.
650  4 ^aคอมพิวเตอร์ช่วยสอน
650  4 ^aการเรียนการสอนผ่านเว็บ
945    ^p219^l0^i033161
945    ^p219^l0^i033164
995    เกษร
999    ^aใช้งานได้ทุกระบบ
รายการนี้ยังไม่มีแท็ก
คุณยังไม่ได้ล็อกอิน คุณสามารถมีกิจกรรมร่วมกับเว็บไซต์ได้ แต่ต้องล็อกอินก่อน ::
  ล็อกอิน

รายการสื่อสารสนเทศ

ลำดับที่ ประเภท เลขเรียก/บาร์โค้ด สถานที่ สถานะ
1. วิทยาศาสตร์การแพทย์ และสุขภาพ
หนังสือสำรอง
สถานะ=หนังสือสำรอง
LB1028.55 ร442ส ฉ.1 
  Barcode: 033161
ห้องสมุดวิทยาเขตสวรรค์ประชารักษ์
►หนังสือทั่วไป
บนชั้น
2. วิทยาศาสตร์การแพทย์ และสุขภาพ
วิทยาศาสตร์การแพทย์ และสุขภาพ
LB1028.55 ร442ส ฉ.2 
  Barcode: 033164
ห้องสมุดวิทยาเขตสวรรค์ประชารักษ์
►หนังสือทั่วไป
บนชั้น

รายการใกล้เคียง
    หัวเรื่อง [คอมพิวเตอร์ช่วยสอน]
    หัวเรื่อง [การเรียนการสอนผ่านเว็บ]

BibComment


ยังไม่เคยถูกคอมเมนท์

คอมเมนท์ทรัพยากรรายการนี้
  คอมเมนท์: สร้างงาน eLearni..


 Copyright 2026. Bcnsprnw @Library